| 000 | 00567nam a2200229Ia 4500 | ||
|---|---|---|---|
| 003 | OSt | ||
| 005 | 20230511114921.0 | ||
| 008 | 210423s2011 xx 000 0 und d | ||
| 020 | _a9789380280158 | ||
| 040 | _cAL | ||
| 041 | _aeng | ||
| 082 | _a346.066 MAIU | ||
| 100 |
_aMAIYA (Umesh) _990335 |
||
| 245 | _aTextbook of company law | ||
| 260 |
_aNew Delhi _bJagdamba Publishing Co. _c2011 |
||
| 300 |
_aiv,218 _bPB |
||
| 365 |
_b175 _cINR |
||
| 650 |
_aBusiness Law _990336 |
||
| 650 |
_aLaw _990337 |
||
| 906 | _acompany ; law ; Textbook | ||
| 942 |
_2ddc _cBK |
||
| 999 |
_c160106 _d160106 |
||